| 000 | 00422nam a22001697a 4500 | ||
|---|---|---|---|
| 003 | MACL | ||
| 005 | 20160115153117.0 | ||
| 008 | 160115b xxu||||| |||| 00| 0 eng d | ||
| 040 | _cMACL | ||
| 041 | _aEnglish | ||
| 082 | _a823/AGU | ||
| 100 |
_aLinde,Mauricio D.Aguilera _932642 |
||
| 245 | _aDark Loneliness Selected Stories | ||
| 260 |
_aBhubaneswar _bGrassroots _c2012 |
||
| 650 |
_aStories _932643 |
||
| 942 |
_2ddc _cBK |
||
| 999 |
_c52476 _d52476 |
||